| 000 | 00408nam a22001337a 4500 | ||
|---|---|---|---|
| 040 | _cNUST | ||
| 082 | _a200 THE | ||
| 100 |
_aFarrukh Ihtisham Mughal _998375 |
||
| 110 | _aSupervisor Dr. Usman Ali | ||
| 245 | _aTH-SOF-2024-Design and Implementation of DC-DC Push-Pull Converter with Isolated Compensator | ||
| 260 |
_aISLAMABAD: _bNUST COLLEGE OF EME, _c2022. |
||
| 650 | _aMS-ELECT-18 | ||
| 942 |
_2ddc _cTHE |
||
| 999 |
_c591284 _d591284 |
||